South American Geography by Letter - B - Statistics

General Stats
  • This quiz has been taken 132 times
  • The average score is 10 of 18
Answer Stats
Clue Answer % Correct
Capital city of Colombia Bogotá
100%
Capital of Brazil Brasília
99%
Country with the eastern half of Lake Titicaca Bolivia
98%
"Paris of South America" Buenos Aires
97%
What Copacabana and Ipanema are Beaches
95%
Ecuador is the largest exporter in the world of this fruit Banana
93%
So far, none of these have been built on the Amazon River Bridges
83%
City that means "Beautiful Horizons" Belo Horizonte
81%
Official Venezuelan currency Bolívar
69%
City in Colombia located near the Magdalena River delta Barranquilla
62%
State capital of Pará, Brazil Belém
54%
Salvador is in this Brazilian state Bahia
51%
State capital of Brazil's Roraima Boa Vista
14%
Chilean region that Concepción is the capital of Biobío
12%
Above is located on this river Rio {Branco}
12%
Beach city with Brazil's four tallest skyscrapers {Balneário} Camboriú
8%
Tall mountain in La Rioja, Argentina {Bonete} Chico
6%
Biggest department of Paraguay Boquerón
6%
No matching quizzes found
Score Distribution
Percent of People with Each Score
Percentile by Number Answered
Your Score History
You have not taken this quiz